<?xml version="1.0" encoding="UTF-8"?>
<record
    xmlns:xsi="http://www.w3.org/2001/XMLSchema-instance"
    xsi:schemaLocation="http://www.loc.gov/MARC21/slim http://www.loc.gov/standards/marcxml/schema/MARC21slim.xsd"
    xmlns="http://www.loc.gov/MARC21/slim">

  <leader>00640nam a22002177i 4500</leader>
  <controlfield tag="001">IT\ICCU\CAG\1945374</controlfield>
  <controlfield tag="003">ItRI</controlfield>
  <controlfield tag="005">20260124121933.0</controlfield>
  <controlfield tag="008">121114s2012    it ||||||    ||||| |||||c</controlfield>
  <datafield tag="020" ind1=" " ind2=" ">
    <subfield code="a">9788867620883</subfield>
  </datafield>
  <datafield tag="040" ind1=" " ind2=" ">
    <subfield code="b">ita</subfield>
    <subfield code="c">Arcigay Viterbo</subfield>
  </datafield>
  <datafield tag="041" ind1=" " ind2="7">
    <subfield code="a">ita</subfield>
    <subfield code="2">ISO-639-2</subfield>
  </datafield>
  <datafield tag="082" ind1=" " ind2=" ">
    <subfield code="a">853.914</subfield>
    <subfield code="2">21</subfield>
  </datafield>
  <datafield tag="100" ind1="1" ind2=" ">
    <subfield code="a">Busi, Aldo</subfield>
    <subfield code="0">IT\ICCU\CFIV\025907</subfield>
    <subfield code="4">aut</subfield>
  </datafield>
  <datafield tag="240" ind1="1" ind2="3">
    <subfield code="a">El especialista de Barcelona</subfield>
    <subfield code="9">Busi, Aldo</subfield>
  </datafield>
  <datafield tag="245" ind1="1" ind2="3">
    <subfield code="a">El especialista de Barcelona /</subfield>
    <subfield code="c">Aldo Busi.</subfield>
  </datafield>
  <datafield tag="260" ind1=" " ind2=" ">
    <subfield code="a">Milano :</subfield>
    <subfield code="b">Dalai,</subfield>
    <subfield code="c">2012</subfield>
  </datafield>
  <datafield tag="300" ind1=" " ind2=" ">
    <subfield code="a">373 p. ;</subfield>
    <subfield code="c">22 cm</subfield>
  </datafield>
  <datafield tag="830" ind1=" " ind2="0">
    <subfield code="a">Romanzi e racconti ;</subfield>
    <subfield code="v">557</subfield>
    <subfield code="0">IT\ICCU\RAV\0187056</subfield>
  </datafield>
  <datafield tag="942" ind1=" " ind2=" ">
    <subfield code="2">ddc</subfield>
    <subfield code="c">BK</subfield>
    <subfield code="n">0</subfield>
  </datafield>
  <datafield tag="999" ind1=" " ind2=" ">
    <subfield code="c">7814</subfield>
    <subfield code="d">7814</subfield>
  </datafield>
  <datafield tag="952" ind1=" " ind2=" ">
    <subfield code="0">0</subfield>
    <subfield code="1">0</subfield>
    <subfield code="2">ddc</subfield>
    <subfield code="4">0</subfield>
    <subfield code="7">0</subfield>
    <subfield code="a">VT</subfield>
    <subfield code="b">VT</subfield>
    <subfield code="d">2025-07-28</subfield>
    <subfield code="e">Dono di Lorenzo Abbate</subfield>
    <subfield code="i">B210</subfield>
    <subfield code="l">0</subfield>
    <subfield code="o">853.9 BUS ESP</subfield>
    <subfield code="p">B210</subfield>
    <subfield code="r">2025-07-28 15:01:20</subfield>
    <subfield code="w">2025-07-28</subfield>
    <subfield code="y">BK</subfield>
  </datafield>
  <datafield tag="952" ind1=" " ind2=" ">
    <subfield code="0">0</subfield>
    <subfield code="1">0</subfield>
    <subfield code="2">ddc</subfield>
    <subfield code="4">0</subfield>
    <subfield code="7">1</subfield>
    <subfield code="a">VT</subfield>
    <subfield code="b">VT</subfield>
    <subfield code="d">2025-07-28</subfield>
    <subfield code="i">ABB26</subfield>
    <subfield code="l">0</subfield>
    <subfield code="o">A3</subfield>
    <subfield code="p">ABB26</subfield>
    <subfield code="r">2025-07-28 15:24:00</subfield>
    <subfield code="w">2025-07-28</subfield>
    <subfield code="y">BK</subfield>
    <subfield code="z">Deposito Lorenzo Abbate</subfield>
  </datafield>
  <datafield tag="952" ind1=" " ind2=" ">
    <subfield code="0">0</subfield>
    <subfield code="1">0</subfield>
    <subfield code="2">ddc</subfield>
    <subfield code="4">0</subfield>
    <subfield code="7">1</subfield>
    <subfield code="a">GE</subfield>
    <subfield code="b">GE</subfield>
    <subfield code="d">2025-07-29</subfield>
    <subfield code="l">0</subfield>
    <subfield code="o">853.914 BUS ESP</subfield>
    <subfield code="p">2037</subfield>
    <subfield code="r">2025-07-29 17:35:00</subfield>
    <subfield code="w">2025-07-29</subfield>
    <subfield code="y">BK</subfield>
    <subfield code="z">Fondo Giovanni Delfino</subfield>
  </datafield>
  <datafield tag="952" ind1=" " ind2=" ">
    <subfield code="0">0</subfield>
    <subfield code="1">0</subfield>
    <subfield code="4">0</subfield>
    <subfield code="7">0</subfield>
    <subfield code="a">BO</subfield>
    <subfield code="b">BO</subfield>
    <subfield code="d">2026-01-15</subfield>
    <subfield code="i">16741</subfield>
    <subfield code="l">0</subfield>
    <subfield code="o">DOC 853.914 BUS</subfield>
    <subfield code="p">BO16741</subfield>
    <subfield code="r">2026-01-15 23:21:33</subfield>
    <subfield code="w">2026-01-15</subfield>
    <subfield code="y">BK</subfield>
    <subfield code="z">1 v.</subfield>
  </datafield>
</record>
